[Event "ASIAN CITIES CHESS CHAMPIONSHIP 2015"]
[Site "Citrus Hotel , Waskaduwa, Sri Lanka"]
[Date "2015.07.23"]
[Round "2"]
[Board "1"]
[White "Himanshu, Sharma"]
[Black "Sabri, Mohd Saprin"]
[Result "1-0"]
[WhiteElo "2410"]
[BlackElo "2089"]
[PlyCount "97"]
[EventDate "2015.07.22"]
[EventType "team"]
[EventRounds "9"]
[EventCountry "SRI"]
[WhiteTeam "Bangalore, India"]
[BlackTeam "Shah Alam, Malaysia"]

1. e4 e5 2. Nf3 Nc6 3. Bb5 a6 4. Bxc6 dxc6 5. O-O Bg4 6. h3 h5 7. d3 Qf6 8. Be3
Bxf3 9. Qxf3 Qxf3 10. gxf3 Bd6 11. Nd2 Ne7 12. Rfb1 Ng6 13. Kf1 Kd7 14. Ke2 a5
15. a4 c5 16. Rg1 Rh7 17. Nc4 Nf8 18. Rad1 Ne6 19. c3 Ke7 20. b3 b6 21. h4 Rd8
22. Rd2 Rhh8 23. Na3 f6 24. Nc2 Kf7 25. d4 cxd4 26. cxd4 exd4 27. Nxd4 Nxd4+
28. Rxd4 Be5 29. Rd3 Rxd3 30. Kxd3 Rd8+ 31. Kc4 Rd7 32. f4 Bd6 33. Rd1 Ke8 34.
f5 Bb4 35. Rg1 Kf7 36. Rc1 Ke8 37. Rg1 Kf7 38. f4 Re7 39. Kd3 Rd7+ 40. Ke2 Re7
41. Kf3 Bc3 42. Rc1 Bb2 43. Rc2 Ba1 44. Ke2 Ke8 45. Kd3 Rd7+ 46. Ke2 Re7 47.
Rc1 Bb2 48. Rc2 Ba1 49. Kd2 1-0

[Event "ASIAN CITIES CHESS CHAMPIONSHIP 2015"]
[Site "Citrus Hotel , Waskaduwa, Sri Lanka"]
[Date "2015.07.23"]
[Round "2"]
[Board "2"]
[White "Fong, Yit San"]
[Black "Stany, G.A."]
[Result "0-1"]
[WhiteElo "2091"]
[BlackElo "2380"]
[PlyCount "64"]
[EventDate "2015.07.22"]
[EventType "team"]
[EventRounds "9"]
[EventCountry "SRI"]
[WhiteTeam "Shah Alam, Malaysia"]
[BlackTeam "Bangalore, India"]

1. e4 g6 2. d4 Bg7 3. Nc3 d6 4. f4 a6 5. Nf3 b5 6. a3 Bb7 7. Be3 Nd7 8. Qd2 e6
9. Bd3 c5 10. dxc5 Nxc5 11. O-O Rc8 12. f5 Nf6 13. Bh6 O-O 14. Bxg7 Kxg7 15.
Rae1 gxf5 16. exf5 e5 17. Ng5 h6 18. Nge4 Ncxe4 19. Bxe4 d5 20. Bf3 e4 21. Bd1
Qb6+ 22. Kh1 d4 23. Ne2 Rcd8 24. Ng3 Rg8 25. Nh5+ Kh7 26. Nxf6+ Qxf6 27. Qf4
Rg5 28. h4 Rg7 29. g3 d3 30. cxd3 exd3+ 31. Bf3 Rd4 32. Qd2 Rxg3 0-1

[Event "ASIAN CITIES CHESS CHAMPIONSHIP 2015"]
[Site "Citrus Hotel , Waskaduwa, Sri Lanka"]
[Date "2015.07.23"]
[Round "2"]
[Board "3"]
[White "Sanjay, N."]
[Black "Zulkifli, Muhd Syazwan"]
[Result "1-0"]
[WhiteElo "2342"]
[BlackElo "2070"]
[PlyCount "101"]
[EventDate "2015.07.22"]
[EventType "team"]
[EventRounds "9"]
[EventCountry "SRI"]
[WhiteTeam "Bangalore, India"]
[BlackTeam "Shah Alam, Malaysia"]

1. Nf3 Nf6 2. c4 e6 3. g3 d5 4. Bg2 Be7 5. O-O O-O 6. d4 c5 7. cxd5 exd5 8. Nc3
Nc6 9. Bg5 cxd4 10. Nxd4 Be6 11. Rc1 h6 12. Be3 Bb4 13. Nxc6 bxc6 14. Na4 Qd7
15. Bc5 Rfb8 16. Bxb4 Rxb4 17. Nc5 Qc8 18. Qd2 Rab8 19. Nd3 R4b6 20. Rfd1 Bf5
21. b3 Bxd3 22. Qxd3 Qe6 23. Rc2 Re8 24. Rdc1 c5 25. e3 c4 26. bxc4 dxc4 27.
Qxc4 Qd6 28. Qc7 Qa3 29. Qc5 Qa6 30. Bf1 Qb7 31. Qc7 Re7 32. Qc8+ Qxc8 33.
Rxc8+ Kh7 34. R1c6 Rxc6 35. Rxc6 Ng4 36. Be2 Ne5 37. Rc5 f6 38. f4 Nf7 39. Kf2
g5 40. Bd3+ Kg7 41. Rd5 Rb7 42. Kf3 Rb2 43. Bc4 Rb7 44. h4 gxh4 45. gxh4 Rc7
46. Bb3 Kf8 47. Rd1 Re7 48. Rg1 Rc7 49. Rg6 Rc6 50. Ke4 Nh8 51. Rg8+ 1-0

[Event "ASIAN CITIES CHESS CHAMPIONSHIP 2015"]
[Site "Citrus Hotel , Waskaduwa, Sri Lanka"]
[Date "2015.07.23"]
[Round "2"]
[Board "4"]
[White "Johari, Camilia"]
[Black "Raghunandan, Kaumandur Srihari"]
[Result "1/2-1/2"]
[WhiteElo "1839"]
[BlackElo "2236"]
[PlyCount "84"]
[EventDate "2015.07.22"]
[EventType "team"]
[EventRounds "9"]
[EventCountry "SRI"]
[WhiteTeam "Shah Alam, Malaysia"]
[BlackTeam "Bangalore, India"]

1. d4 Nf6 2. c4 c6 3. Nc3 d5 4. Nf3 e6 5. cxd5 exd5 6. Qc2 g6 7. Bg5 Bg7 8. e3
Bf5 9. Bd3 Bxd3 10. Qxd3 O-O 11. O-O Qd6 12. Rab1 a5 13. Rfc1 Nbd7 14. Bf4 Qe7
15. h3 Ne4 16. Na4 f5 17. Nd2 g5 18. Bg3 h5 19. Nxe4 fxe4 20. Qb3 Qb4 21. Qd1
h4 22. Nc5 Nxc5 23. Rxc5 Qb6 24. Qh5 Rf5 25. Qg6 Raf8 26. Rc2 Qd8 27. Be5 Qe7
28. Qxg7+ Qxg7 29. Bxg7 Kxg7 30. b4 axb4 31. Rxb4 R8f7 32. Rcb2 b5 33. a4 bxa4
34. Rxa4 R5f6 35. Ra6 Rg6 36. Rc2 Rff6 37. Ra7+ Rf7 38. Ra6 Rff6 39. Ra7+ Rf7
40. Ra6 Rff6 41. Ra7+ Rf7 42. Ra6 Rff6 1/2-1/2

[Event "ASIAN CITIES CHESS CHAMPIONSHIP 2015"]
[Site "Citrus Hotel , Waskaduwa, Sri Lanka"]
[Date "2015.07.23"]
[Round "2"]
[Board "2"]
[White "Isaev, Chingys"]
[Black "Alhajiri, Bader"]
[Result "1-0"]
[WhiteElo "2173"]
[BlackElo "2231"]
[PlyCount "61"]
[EventDate "2015.07.22"]
[EventType "team"]
[EventRounds "9"]
[EventCountry "SRI"]
[WhiteTeam "Bishkek City, Kyrgyzstan"]
[BlackTeam "Kuwait City, Kuwait"]

1. d4 d5 2. c4 c6 3. Nf3 Nf6 4. e3 e6 5. Nc3 Nbd7 6. Qc2 Bd6 7. b3 O-O 8. Be2
b6 9. Bb2 Bb7 10. O-O Qe7 11. Rfe1 Rac8 12. Rac1 c5 13. cxd5 exd5 14. Red1 Ne4
15. dxc5 Rxc5 16. Qd3 Rfc8 17. Nxd5 Bxd5 18. Qxd5 Rxd5 19. Rxc8+ Nf8 20. Rxd5
Qe6 21. Rxf8+ Kxf8 22. Bc4 Qe7 23. g3 Bc5 24. Re5 Qd7 25. Rxe4 Qd1+ 26. Kg2 Qc2
27. Rf4 Qxb2 28. Rxf7+ Ke8 29. Ng5 Bxe3 30. Bd5 Kd8 31. Ne6+ 1-0

[Event "ASIAN CITIES CHESS CHAMPIONSHIP 2015"]
[Site "Citrus Hotel , Waskaduwa, Sri Lanka"]
[Date "2015.07.23"]
[Round "2"]
[Board "3"]
[White "Alkhaldi, Bader"]
[Black "Taalaibekov, Tagir"]
[Result "1/2-1/2"]
[WhiteElo "1970"]
[BlackElo "2193"]
[PlyCount "85"]
[EventDate "2015.07.22"]
[EventType "team"]
[EventRounds "9"]
[EventCountry "SRI"]
[WhiteTeam "Kuwait City, Kuwait"]
[BlackTeam "Bishkek City, Kyrgyzstan"]

1. e4 c5 2. Nf3 e6 3. d4 cxd4 4. Nxd4 Nc6 5. Be2 Qc7 6. Nc3 a6 7. O-O Nf6 8.
Be3 d6 9. f4 Be7 10. a4 O-O 11. Kh1 Na5 12. Qe1 b6 13. Qg3 Bb7 14. e5 Ne4 15.
Nxe4 Bxe4 16. f5 dxe5 17. f6 Bxf6 18. Rxf6 Qe7 19. Raf1 exd4 20. Bxd4 Bg6 21.
h4 e5 22. Bxb6 gxf6 23. Bxa5 Kh8 24. h5 Be4 25. Qh4 Bxg2+ 26. Kxg2 Rg8+ 27. Kh2
Rac8 28. Bc3 Rg5 29. Rg1 Rxg1 30. Kxg1 Rg8+ 31. Kf1 Qe6 32. Ke1 Rg1+ 33. Kd2
Qd5+ 34. Bd3 Qf3 35. Ba5 Rg4 36. Qe1 Qd5 37. Bc3 e4 38. Bxf6+ Kg8 39. Kc1 Qe6
40. Be2 Qxf6 41. Bxg4 Qf4+ 42. Kb1 Qxg4 43. h6 1/2-1/2

[Event "ASIAN CITIES CHESS CHAMPIONSHIP 2015"]
[Site "Citrus Hotel , Waskaduwa, Sri Lanka"]
[Date "2015.07.23"]
[Round "2"]
[Board "4"]
[White "Mamatov, Melis"]
[Black "Hussain, Hashem"]
[Result "1-0"]
[WhiteElo "2093"]
[BlackElo "1758"]
[PlyCount "93"]
[EventDate "2015.07.22"]
[EventType "team"]
[EventRounds "9"]
[EventCountry "SRI"]
[WhiteTeam "Bishkek City, Kyrgyzstan"]
[BlackTeam "Kuwait City, Kuwait"]

1. d4 Nf6 2. Nc3 g6 3. Nf3 Bg7 4. Bf4 d5 5. Qd2 O-O 6. Bh6 Nbd7 7. Bxg7 Kxg7 8.
e3 c5 9. Rd1 e6 10. h4 h5 11. Be2 b6 12. O-O Bb7 13. Rfe1 a6 14. Bf1 Qc7 15. g3
Rac8 16. Bg2 cxd4 17. Qxd4 Rfd8 18. Rc1 e5 19. Qd1 Nc5 20. Ne2 Ng4 21. Rf1 Ne4
22. Ne1 Nexf2 23. Rxf2 Nxf2 24. Kxf2 Rd6 25. c3 Rf6+ 26. Kg1 Qc5 27. Qd2 Rd8
28. Nd3 Qe7 29. Rd1 Rfd6 30. Ne1 g5 31. hxg5 Qxg5 32. Nf3 Qe7 33. Nh4 Bc8 34.
Rf1 Rf6 35. Re1 Rfd6 36. Qd3 e4 37. Qd2 Qe5 38. Rf1 Kf8 39. Rf4 Rf6 40. Rxf6
Qxf6 41. Qd4 Qxd4 42. Nxd4 Rd6 43. Bf1 b5 44. Be2 Bg4 45. Ndf5 Bxf5 46. Nxf5
Rd8 47. Bxh5 1-0

[Event "ASIAN CITIES CHESS CHAMPIONSHIP 2015"]
[Site "Citrus Hotel , Waskaduwa, Sri Lanka"]
[Date "2015.07.23"]
[Round "2"]
[Board "1"]
[White "Fang, Yuxiang"]
[Black "Weerawardane, Romesh"]
[Result "1-0"]
[WhiteElo "2440"]
[BlackElo "2110"]
[PlyCount "59"]
[EventDate "2015.07.22"]
[EventType "team"]
[EventRounds "9"]
[EventCountry "SRI"]
[WhiteTeam "Qingdao, China"]
[BlackTeam "Colombo, Sri Lanka"]

1. Nf3 Nf6 2. c4 e6 3. d4 d5 4. cxd5 exd5 5. Nc3 c6 6. Bg5 Be7 7. Qc2 g6 8. e3
Bf5 9. Bd3 Bxd3 10. Qxd3 O-O 11. O-O Nbd7 12. Rab1 Ne4 13. Bh6 Nxc3 14. bxc3
Re8 15. Rxb7 Nb6 16. Ne5 Qc8 17. Qa6 f6 18. Nd3 Rd8 19. Nb4 Bxb4 20. Rg7+ Kh8
21. Qxc8 Rdxc8 22. cxb4 Nc4 23. Re7 f5 24. Bg7+ Kg8 25. Bf6 Nd6 26. Rg7+ Kf8
27. Rxh7 Nf7 28. Rg7 g5 29. Rg6 g4 30. f3 1-0

[Event "ASIAN CITIES CHESS CHAMPIONSHIP 2015"]
[Site "Citrus Hotel , Waskaduwa, Sri Lanka"]
[Date "2015.07.23"]
[Round "2"]
[Board "2"]
[White "Edirisinghe, Dulan"]
[Black "Xu, Zhihang"]
[Result "1/2-1/2"]
[WhiteElo "2051"]
[BlackElo "2234"]
[PlyCount "95"]
[EventDate "2015.07.22"]
[EventType "team"]
[EventRounds "9"]
[EventCountry "SRI"]
[WhiteTeam "Colombo, Sri Lanka"]
[BlackTeam "Qingdao, China"]

1. d4 Nf6 2. Nf3 e6 3. c4 Bb4+ 4. Nbd2 O-O 5. Qc2 d6 6. a3 Bxd2+ 7. Bxd2 Nc6 8.
Bc3 Qe7 9. b4 e5 10. dxe5 Nxe5 11. e3 b6 12. Be2 Bb7 13. Nxe5 dxe5 14. O-O Nd7
15. Qf5 Rfe8 16. Rad1 Nf8 17. Rd2 e4 18. Rfd1 Rad8 19. Rxd8 Rxd8 20. Qe5 Rxd1+
21. Bxd1 Qxe5 22. Bxe5 c6 23. c5 Nd7 24. Bd6 Nf6 25. Bc2 Bc8 26. h3 Be6 27. Kf1
Bd5 28. Ke1 Nd7 29. Kd2 b5 30. Kc3 f5 31. Kd4 Kf7 32. Bd1 Ke6 33. Bc7 g6 34. g4
Nf6 35. gxf5+ gxf5 36. Be2 Nd7 37. Bd6 Nf6 38. Be5 Nd7 39. Bh8 a6 40. Bh5 Nf8
41. Be5 Ng6 42. Bg3 Nf8 43. Bd6 Nd7 44. Bd1 Nf6 45. Be5 Nd7 46. Bd6 Kf6 47. Bh5
Ke6 48. Bd1 1/2-1/2

[Event "ASIAN CITIES CHESS CHAMPIONSHIP 2015"]
[Site "Citrus Hotel , Waskaduwa, Sri Lanka"]
[Date "2015.07.23"]
[Round "2"]
[Board "3"]
[White "Zhou, Jiangnan"]
[Black "Galappaththi, Chinthaka Anurud"]
[Result "1-0"]
[WhiteElo "2099"]
[BlackElo "2098"]
[PlyCount "123"]
[EventDate "2015.07.22"]
[EventType "team"]
[EventRounds "9"]
[EventCountry "SRI"]
[WhiteTeam "Qingdao, China"]
[BlackTeam "Colombo, Sri Lanka"]

1. d4 f5 2. c4 g6 3. g3 Bg7 4. Bg2 Nf6 5. Nf3 O-O 6. O-O d6 7. d5 Na6 8. Nd4
Nc5 9. b4 e5 10. bxc5 exd4 11. cxd6 Ne4 12. Bb2 cxd6 13. Bxd4 Nc5 14. Nc3 b6
15. a4 Bxd4 16. Qxd4 Nb3 17. Qf4 Nxa1 18. Rxa1 Qf6 19. Rc1 g5 20. Qd2 Ba6 21.
Nd1 Rac8 22. Qd3 Rc7 23. h3 f4 24. Bf3 Bc8 25. Kg2 Bf5 26. Qb3 Rg7 27. g4 Bg6
28. a5 bxa5 29. c5 dxc5 30. Rxc5 Kh8 31. Nc3 Qe5 32. Qc4 Rd8 33. Nb5 Bf7 34.
Nd4 Re8 35. Rxa5 Bg8 36. Nc6 Qf6 37. Qc5 Rc8 38. Rxa7 Rxa7 39. Qxa7 Qg7 40. Qa6
Rc7 41. Qb6 Rd7 42. Qb8 Qf6 43. Ne5 Rd8 44. Qc7 Re8 45. Nc6 Qg7 46. Qa5 Bf7 47.
d6 Be6 48. Ne7 Bd7 49. Qc5 Qf6 50. Qc7 Ba4 51. Nd5 Qg7 52. Nb6 Bb5 53. d7 Bxd7
54. Nxd7 Qe7 55. Qc6 Rd8 56. Qc3+ Qg7 57. Ne5 Rf8 58. Bd5 Qf6 59. Qc7 Re8 60.
Nf7+ Kg7 61. Nd6+ Re7 62. Nf5+ 1-0

[Event "ASIAN CITIES CHESS CHAMPIONSHIP 2015"]
[Site "Citrus Hotel , Waskaduwa, Sri Lanka"]
[Date "2015.07.23"]
[Round "2"]
[Board "4"]
[White "Priyankara, Chamil"]
[Black "Li, Wenxiang"]
[Result "1-0"]
[WhiteElo "2018"]
[BlackElo "1882"]
[PlyCount "89"]
[EventDate "2015.07.22"]
[EventType "team"]
[EventRounds "9"]
[EventCountry "SRI"]
[WhiteTeam "Colombo, Sri Lanka"]
[BlackTeam "Qingdao, China"]

1. e4 c5 2. Nc3 Nc6 3. f4 g6 4. Nf3 Bg7 5. Bb5 e6 6. Bxc6 bxc6 7. O-O d6 8. d3
Ne7 9. Qe1 Rb8 10. b3 Ba6 11. Kh1 O-O 12. Bb2 c4 13. dxc4 Bxc4 14. Rf2 c5 15.
Rd1 Qc7 16. e5 dxe5 17. fxe5 Bd5 18. Ne4 Bxe4 19. Qxe4 Rfd8 20. Rdf1 c4 21. Ng5
Nf5 22. g4 c3 23. Ba3 Rd4 24. Qf3 Bxe5 25. gxf5 exf5 26. Qh3 h5 27. Nf3 Re4 28.
Nxe5 Qxe5 29. Bc1 Re8 30. Qg3 Qxg3 31. hxg3 f6 32. Rf3 Re1 33. Kg2 R8e2+ 34.
R3f2 g5 35. Rxe1 Rxe1 36. Rf1 Re5 37. Kg1 Kg7 38. Rf3 Rc5 39. Be3 Rc7 40. Rxf5
Kg6 41. Ra5 Re7 42. Kf2 h4 43. gxh4 gxh4 44. Rxa7 Re5 45. Ra4 1-0

[Event "ASIAN CITIES CHESS CHAMPIONSHIP 2015"]
[Site "Citrus Hotel , Waskaduwa, Sri Lanka"]
[Date "2015.07.23"]
[Round "2"]
[Board "1"]
[White "Suni, Syairazi"]
[Black "Ahmed, Ashraf"]
[Result "0-1"]
[WhiteElo "1943"]
[BlackElo "1837"]
[PlyCount "124"]
[EventDate "2015.07.22"]
[EventType "team"]
[EventRounds "9"]
[EventCountry "SRI"]
[WhiteTeam "Bandar Seri Begawan, Brunei"]
[BlackTeam "Male, Maldives"]

1. e4 e5 2. Nf3 Nc6 3. Nc3 Nf6 4. d4 exd4 5. Nxd4 Bb4 6. Nxc6 bxc6 7. Bd3 d5 8.
exd5 cxd5 9. O-O O-O 10. Bg5 c6 11. Qf3 Bd6 12. Bxf6 Qxf6 13. Qxf6 gxf6 14.
Rae1 Rb8 15. Nd1 Bg4 16. Ne3 Be6 17. b3 Rfe8 18. f4 Bb4 19. Re2 Bc5 20. Rf3 Bd7
21. Kf1 Re7 22. Rg3+ Kh8 23. Nf5 Rxe2 24. Kxe2 Re8+ 25. Kd2 Rg8 26. Rxg8+ Kxg8
27. Ng3 Be6 28. f5 Bd7 29. c4 Bd6 30. Nf1 d4 31. Be4 Kg7 32. Kd3 c5 33. h3 h5
34. g4 Kh6 35. Bd5 hxg4 36. hxg4 Kg5 37. Bf3 a5 38. Nd2 Kf4 39. Bd1 Bc6 40. Be2
Bg2 41. Bd1 Be7 42. Be2 Bh3 43. Bd1 Bxg4 44. Bxg4 Kxg4 45. Ke4 Bd6 46. Nf3 Bg3
47. Nd2 Be1 48. Nf3 Bg3 49. Nd2 Bc7 50. Nb1 Be5 51. Na3 d3 52. Kxd3 Kxf5 53.
Nc2 Bb8 54. Ne1 Kf4 55. Ke2 Ke4 56. Nd3 Be5 57. Ne1 f5 58. Nf3 f6 59. Ne1 f4
60. Nf3 Ba1 61. Ne1 Kd4 62. Nc2+ Ke4 {poor reccording} 0-1

[Event "ASIAN CITIES CHESS CHAMPIONSHIP 2015"]
[Site "Citrus Hotel , Waskaduwa, Sri Lanka"]
[Date "2015.07.23"]
[Round "2"]
[Board "2"]
[White "Ahmed, Fuad"]
[Black "Hj, Azahari Siti Nur Fatimah"]
[Result "0-1"]
[WhiteElo "1797"]
[BlackElo "2094"]
[PlyCount "81"]
[EventDate "2015.07.22"]
[EventType "team"]
[EventRounds "9"]
[EventCountry "SRI"]
[WhiteTeam "Male, Maldives"]
[BlackTeam "Bandar Seri Begawan, Brunei"]

1. d4 Nf6 2. c4 c5 3. d5 b5 4. Qc2 g6 5. e4 d6 6. f4 Nbd7 7. Nc3 Bg7 8. cxb5 a6
9. Nf3 O-O 10. a4 axb5 11. Bxb5 Ba6 12. O-O Bxb5 13. Nxb5 Qb6 14. Ra3 Rfb8 15.
Kh1 Ne8 16. f5 Nc7 17. Nxc7 Qxc7 18. fxg6 hxg6 19. Ng5 Bf6 20. Qf2 Kg7 21. Nh3
Rb4 22. g4 Rf8 23. Qf4 Kg8 24. a5 c4 25. g5 Bxb2 26. Bxb2 Rxb2 27. Qc1 Rb4 28.
Nf2 Ne5 29. a6 Ra8 30. Qc3 Qb6 31. Qa1 Rb2 32. Nd1 Rb1 33. Qa2 Nd3 34. Qc2 Rc1
35. Qd2 Qd4 36. Ne3 Rxf1+ 37. Nxf1 Qxe4+ 38. Kg1 Qxd5 39. Ra1 Qf3 40. Ne3 Rxa6
41. Nxc4 0-1

[Event "ASIAN CITIES CHESS CHAMPIONSHIP 2015"]
[Site "Citrus Hotel , Waskaduwa, Sri Lanka"]
[Date "2015.07.23"]
[Round "2"]
[Board "4"]
[White "Ibarhim, Firaq"]
[Black "Hj, Azahari Md Aliuddin"]
[Result "1/2-1/2"]
[WhiteElo "1563"]
[BlackElo "2065"]
[PlyCount "63"]
[EventDate "2015.07.22"]
[EventType "team"]
[EventRounds "9"]
[EventCountry "SRI"]
[WhiteTeam "Male, Maldives"]
[BlackTeam "Bandar Seri Begawan, Brunei"]

1. d4 Nf6 2. Nf3 g6 3. c4 c5 4. d5 b5 5. e3 bxc4 6. Bxc4 d6 7. Nc3 Bg7 8. O-O
O-O 9. Re1 Nbd7 10. Rb1 Rb8 11. b3 Ng4 12. Ne4 Nge5 13. Ned2 Nb6 14. Nxe5 Bxe5
15. Bb2 Bxb2 16. Rxb2 Nxc4 17. Nxc4 Ba6 18. Rc2 Bb5 19. Qd2 Bxc4 20. Rxc4 a5
21. e4 f6 22. Re3 Rb4 23. Rec3 Qb6 24. Qh6 Qb5 25. Qc1 Kg7 26. Rxb4 axb4 27.
Rc4 Ra8 28. Qd2 Ra3 29. h3 Qa6 30. Rc2 Qb7 31. Qe2 Qa6 32. Qd2 1/2-1/2

[Event "ASIAN CITIES CHESS CHAMPIONSHIP 2015"]
[Site "Citrus Hotel , Waskaduwa, Sri Lanka"]
[Date "2015.07.23"]
[Round "2"]
[Board "1"]
[White "Battulga, Namkhai"]
[Black "Masters, Christopher"]
[Result "1-0"]
[WhiteElo "2387"]
[BlackElo "1900"]
[PlyCount "35"]
[EventDate "2015.07.22"]
[EventType "team"]
[EventRounds "9"]
[EventCountry "SRI"]
[WhiteTeam "Erdenet, Mongolia"]
[BlackTeam "Hong Kong, Hong Kong"]

1. e4 c5 2. Nf3 d6 3. d4 cxd4 4. Nxd4 Nf6 5. Nc3 g6 6. Be3 Bg7 7. f3 O-O 8. Qd2
Nc6 9. O-O-O Bd7 10. g4 Qa5 11. h4 Ne5 12. h5 b5 13. a3 Nxf3 14. Nxf3 Bxg4 15.
Be2 b4 16. Nd5 Nxd5 17. Qxd5 Bxb2+ 18. Kxb2 1-0

[Event "ASIAN CITIES CHESS CHAMPIONSHIP 2015"]
[Site "Citrus Hotel , Waskaduwa, Sri Lanka"]
[Date "2015.07.23"]
[Round "2"]
[Board "2"]
[White "Borigas, Edgardo"]
[Black "Bilegsaikhan, Oyunbold"]
[Result "1-0"]
[WhiteElo "1914"]
[BlackElo "2036"]
[PlyCount "61"]
[EventDate "2015.07.22"]
[EventType "team"]
[EventRounds "9"]
[EventCountry "SRI"]
[WhiteTeam "Hong Kong, Hong Kong"]
[BlackTeam "Erdenet, Mongolia"]

1. d4 d5 2. Bf4 Bf5 3. e3 e6 4. Bd3 Bg6 5. Nf3 Bd6 6. Bg3 Ne7 7. O-O O-O 8. Ne5
Nf5 9. Nxg6 hxg6 10. Bxf5 gxf5 11. f4 c5 12. c3 Nc6 13. Nd2 Qb6 14. Rb1 Qa6 15.
a3 Qd3 16. Rf3 Qb5 17. Bf2 Rfe8 18. Rh3 g6 19. Nf3 cxd4 20. cxd4 Kg7 21. b4
Rac8 22. Ne5 Nxe5 23. fxe5 Be7 24. Qe1 Qd3 25. Rd1 Qxa3 26. Bh4 Qxb4 27. Bf6+
Bxf6 28. exf6+ Kxf6 29. Qxb4 Rc7 30. Qd6 Rec8 31. Rh8 1-0

[Event "ASIAN CITIES CHESS CHAMPIONSHIP 2015"]
[Site "Citrus Hotel , Waskaduwa, Sri Lanka"]
[Date "2015.07.23"]
[Round "2"]
[Board "3"]
[White "Ganbold, Choidog"]
[Black "Lau, Lut Yin Luke"]
[Result "0-1"]
[WhiteElo "2157"]
[BlackElo "1809"]
[PlyCount "54"]
[EventDate "2015.07.22"]
[EventType "team"]
[EventRounds "9"]
[EventCountry "SRI"]
[WhiteTeam "Erdenet, Mongolia"]
[BlackTeam "Hong Kong, Hong Kong"]

1. d4 d5 2. c4 e6 3. Nc3 Nf6 4. Bg5 Be7 5. e3 O-O 6. Nf3 c6 7. Bxf6 Bxf6 8.
cxd5 exd5 9. Be2 Bg4 10. Qb3 Qb6 11. Qxb6 axb6 12. O-O Na6 13. a3 Nc7 14. h3
Bh5 15. g4 Bg6 16. Kg2 Ne6 17. Rac1 Rfe8 18. Rfe1 Rac8 19. Nd2 Bh4 20. Red1 Ng5
21. f4 Be4+ 22. Kh2 Ne6 23. Ncxe4 dxe4 24. Kg2 Kf8 25. Bc4 Rcd8 26. d5 Nc5 27.
b4 cxd5 {Poor Recording} 0-1

[Event "ASIAN CITIES CHESS CHAMPIONSHIP 2015"]
[Site "Citrus Hotel , Waskaduwa, Sri Lanka"]
[Date "2015.07.23"]
[Round "2"]
[Board "4"]
[White "Borigas, Edrien Gappi"]
[Black "Bayarsaihan, Yondon"]
[Result "0-1"]
[WhiteElo "1271"]
[BlackElo "1969"]
[PlyCount "87"]
[EventDate "2015.07.22"]
[EventType "team"]
[EventRounds "9"]
[EventCountry "SRI"]
[WhiteTeam "Hong Kong, Hong Kong"]
[BlackTeam "Erdenet, Mongolia"]

1. e4 d5 2. exd5 Qxd5 3. Nc3 Qa5 4. d4 Nf6 5. Nf3 Bg4 6. Bb5+ c6 7. Bd3 e6 8.
Bd2 Qb6 9. Be3 Qxb2 10. Bd2 Qb6 11. Rb1 Qc7 12. h3 Bh5 13. O-O Bd6 14. Re1 Nbd7
15. Bg5 Qa5 16. Bd2 Qc7 17. Be2 O-O-O 18. Ng5 Bg6 19. Bd3 Rdf8 20. Bxg6 hxg6
21. Nge4 Bf4 22. Qc1 Bxd2 23. Qxd2 Rd8 24. Rb2 Nb6 25. Qd3 e5 26. Nxf6 gxf6 27.
Ne2 exd4 28. Nxd4 Qf4 29. Ne2 Qe5 30. Qc3 Rhe8 31. Qxe5 Rxe5 32. Kf1 Nc4 33.
Rb4 b5 34. f3 a5 35. Rxc4 bxc4 36. Ng3 Rd2 37. Rxe5 fxe5 38. Ne4 Rd5 39. Nf6
Rb5 40. Ne4 Kc7 41. Ng5 f6 42. Ne6+ Kd6 43. Nf8 g5 44. Nh7 0-1

[Event "ASIAN CITIES CHESS CHAMPIONSHIP 2015"]
[Site "Citrus Hotel , Waskaduwa, Sri Lanka"]
[Date "2015.07.23"]
[Round "2"]
[Board "1"]
[White "Yang, Ching Wei"]
[Black "Alahakoon, Isuru"]
[Result "1/2-1/2"]
[WhiteElo "2021"]
[BlackElo "2054"]
[PlyCount "113"]
[EventDate "2015.07.22"]
[EventType "team"]
[EventRounds "9"]
[EventCountry "SRI"]
[WhiteTeam "Taipei, Chinese Taipei"]
[BlackTeam "Kandy, Sri Lanka"]

1. e4 c5 2. Nf3 d6 3. d4 cxd4 4. Nxd4 Nf6 5. Nc3 a6 6. h3 e5 7. Nde2 h5 8. Bg5
Be7 9. Bxf6 Bxf6 10. Nd5 Bg5 11. Nec3 Nc6 12. Bc4 Be6 13. O-O g6 14. a4 O-O 15.
Qd3 Rc8 16. Bb3 Kg7 17. Rad1 Bh6 18. Ne2 Qa5 19. c3 Qc5 20. Kh1 f5 21. f3 fxe4
22. fxe4 Rf2 23. Rxf2 Qxf2 24. Ne7 Bxb3 25. Nxc8 Bxd1 26. Qxd1 Qh4 27. Nxd6 Be3
28. Qf1 Qe7 29. Nc4 Ba7 30. Nc1 Qh4 31. Qe2 Qf4 32. Nd3 Qf6 33. b4 Qe6 34. Ne1
Nd8 35. Nf3 Nf7 36. Qd3 g5 37. Qd5 Qxd5 38. exd5 Kf6 39. g4 hxg4 40. hxg4 b5
41. axb5 axb5 42. Ncd2 Nd6 43. Kg2 e4 44. Nd4 Bb6 45. Nc6 e3 46. Nf3 Ne4 47.
Kf1 Nxc3 48. Ncd4 Bxd4 49. Nxd4 Nxd5 50. Nxb5 Nxb4 51. Ke2 Nd5 52. Kf3 Ke5 53.
Na7 Kd4 54. Nc6+ Kd3 55. Ne5+ Kc3 56. Ke2 Kd4 57. Nf3+ 1/2-1/2

[Event "ASIAN CITIES CHESS CHAMPIONSHIP 2015"]
[Site "Citrus Hotel , Waskaduwa, Sri Lanka"]
[Date "2015.07.23"]
[Round "2"]
[Board "2"]
[White "Peiris, T S S"]
[Black "Min, Po-Yen"]
[Result "1-0"]
[WhiteElo "2022"]
[BlackElo "1686"]
[PlyCount "99"]
[EventDate "2015.07.22"]
[EventType "team"]
[EventRounds "9"]
[EventCountry "SRI"]
[WhiteTeam "Kandy, Sri Lanka"]
[BlackTeam "Taipei, Chinese Taipei"]

1. e4 e6 2. d4 d5 3. Nd2 Nf6 4. e5 Nfd7 5. f4 c5 6. c3 Nc6 7. Ndf3 Qb6 8. Ne2
Be7 9. Ng3 f6 10. Bd3 O-O 11. a3 Kh8 12. Bc2 a5 13. Rb1 Qa6 14. Be3 c4 15. exf6
Nxf6 16. Ne5 Bd7 17. O-O b5 18. Nxd7 Nxd7 19. Qg4 Nd8 20. Nh5 Bf6 21. Qh3 Rf7
22. Bxh7 Re7 23. Bg6 Kg8 24. g4 Nf8 25. Bc2 Rd7 26. g5 Be7 27. g6 Qd6 28. Ng3
Bf6 29. Qh5 Rb7 30. Rf3 Nd7 31. Qh7+ Kf8 32. Nh5 Rab8 33. Re1 b4 34. Bc1 bxa3
35. bxa3 Nc6 36. Nxf6 Nxf6 37. Qh8+ Ng8 38. f5 e5 39. f6 gxf6 40. Bh6+ Ke7 41.
Qg7+ Kd8 42. Qxg8+ Kc7 43. Qg7+ Kb6 44. Qxf6 Qxa3 45. dxe5 Rc7 46. Qd6 Qa2 47.
Rf2 Rbb7 48. g7 Rxg7+ 49. Bxg7 Rxg7+ 50. Kh1 1-0

[Event "ASIAN CITIES CHESS CHAMPIONSHIP 2015"]
[Site "Citrus Hotel , Waskaduwa, Sri Lanka"]
[Date "2015.07.23"]
[Round "2"]
[Board "3"]
[White "Liu, Yeh Yang"]
[Black "Doluweera, Minul Sanjula"]
[Result "0-1"]
[WhiteElo "1945"]
[BlackElo "2042"]
[PlyCount "142"]
[EventDate "2015.07.22"]
[EventType "team"]
[EventRounds "9"]
[EventCountry "SRI"]
[WhiteTeam "Taipei, Chinese Taipei"]
[BlackTeam "Kandy, Sri Lanka"]

1. e4 c6 2. d4 d5 3. Nc3 dxe4 4. Nxe4 Bf5 5. Ng3 Bg6 6. Nf3 Nd7 7. Bc4 e6 8.
O-O Ngf6 9. Re1 Be7 10. c3 O-O 11. Nh4 c5 12. Nxg6 hxg6 13. Be3 cxd4 14. Bxd4
Qc7 15. Qe2 Rac8 16. Bb3 Nb6 17. Ne4 Nfd5 18. Qg4 Qf4 19. Qxf4 Nxf4 20. Bxb6
axb6 21. Red1 Rfd8 22. Kf1 Nd3 23. Rab1 Nc5 24. Nd2 Nxb3 25. Nxb3 e5 26. Ke2 f5
27. Rxd8+ Rxd8 28. Rd1 Rxd1 29. Kxd1 Kf7 30. f3 Ke6 31. c4 Bf6 32. Kc2 e4 33.
fxe4 fxe4 34. Nc1 Be5 35. h3 Kd6 36. b4 Bd4 37. Ne2 Ke5 38. Kd2 Bf2 39. a3 Bd4
40. a4 Bf2 41. b5 Bc5 42. Kc2 Bd6 43. Kc3 Bc5 44. Nc1 Kf4 45. Nb3 Kg3 46. a5 e3
47. Kd3 Kf2 48. Nxc5 bxc5 49. a6 bxa6 50. bxa6 e2 51. a7 e1=Q 52. a8=Q Qd1+ 53.
Kc3 Qd4+ 54. Kb3 Qd3+ 55. Kb2 Qxc4 56. Qf3+ Ke1 57. Qg3+ Kd1 58. Qxg6 Qb4+ 59.
Ka2 Kc1 60. Qg5+ Qd2+ 61. Qxd2+ Kxd2 62. Kb3 Ke3 63. Kc2 c4 64. Kc1 Ke4 65. Kd2
Kf4 66. Kc3 Kg3 67. Kxc4 Kxg2 68. h4 Kg3 69. h5 Kg4 70. h6 gxh6 71. Kd3 Kf3 0-1